La videoconferencia como instrumento probatorio en el proceso penal (Registro nro. 7729)
[ vista simple ]
| 000 -Cabecera | |
|---|---|
| Campo de control de longitud fija | 00957nam a22003257a 4500 |
| 005 - Fecha y hora de la última transacción | |
| Campo de control | 20250819190533.0 |
| 008 - Elementos de longitud fija--Información general | |
| Campo de control de longitud fija | 160229b xxu||||| |||| 00| 0 spa d |
| 020 ## - International Standard Book Number | |
| Número Internacional Estándar del Libro (ISBN) | 9788497686150 |
| 041 ## - Idioma | |
| Código de idioma | |
| 082 ## - Clasificación Decimal Dewey | |
| Número de clasificación | 345.06 M779v |
| 100 ## - Entrada principal--Autor personal | |
| Nombre personal | Montesinos García, Ana |
| 9 (RLIN) | 5687 |
| 245 ## - Título propiamente dicho | |
| Título | La videoconferencia como instrumento probatorio en el proceso penal |
| 260 ## - Pie de imprenta | |
| Lugar de publicación, distribución, etc. | España |
| 260 ## - Pie de imprenta | |
| Nombre del editor, distribuidor, etc. | Marcial Pons |
| 260 ## - Pie de imprenta | |
| Fecha de publicación, distribución, etc. | 2009 |
| 300 ## - Descripción física | |
| Extensión | 191 páginas |
| 490 ## - Serie | |
| Título de la Serie | Investigación Criminal |
| 650 ## - Materia general | |
| Temática (materia general) | DERECHO PROCESAL |
| 650 ## - Materia general | |
| Temática (materia general) | NUEVAS TECNOLOGÍAS EN EL DERECHO |
| 650 ## - Materia general | |
| Temática (materia general) | VIDEOCONFERENCIA |
| 650 ## - Materia general | |
| Temática (materia general) | RÉGIMEN JURÍDICO |
| 650 ## - Materia general | |
| Temática (materia general) | PRUEBAS POR VIDEOCONFERENCIA |
| 650 ## - Materia general | |
| Temática (materia general) | PRUEBA TESTIFICAL |
| 650 ## - Materia general | |
| Temática (materia general) | PRUEBA PERICIAL |
| 650 ## - Materia general | |
| Temática (materia general) | DECLARACIÓN DEL IMPUTADO |
| 650 ## - Materia general | |
| Temática (materia general) | RECONOCIMIENTO JUDICIAL |
| 650 ## - Materia general | |
| Temática (materia general) | TRATAMIENTO DE LA VIDEOCONFERENCIA |
| 650 ## - Materia general | |
| Temática (materia general) | ASPECTOS DE PROCEDIMIENTOS |
| 942 ## - Punto de acceso adicional KOHA | |
| Tipo de ítem KOHA | Libro |
| Fuente del sistema de clasificación o colocación | Dewey Decimal Classification |
| Signatura completa | Código de barras | Programa Académico | Tipo de ítem |
|---|---|---|---|
| 345.06 M779v | 20488 | Investigación Criminal | Libro |